カップヌードルシリーズの商品 - Statistics

General Stats
  • This quiz has been taken 161 times
    65 since last reset
  • The average score is 9 of 43
Answer Stats
Answer % Correct
カップヌードル シーフードヌードル
100%
カップヌードル
94%
カップヌードル カレー
94%
カップヌードル チリトマトヌードル
69%
カップヌードル 味噌
56%
カップヌードル パクチー香るトムヤムクン
56%
カップヌードル ミニ
30%
カップヌードル ビッグ
28%
カップヌードル 辛麺
22%
カップヌードル シーフードヌードル ミニ
22%
カップヌードル シンガポール風ラクサ
22%
カップヌードルPRO 高たんぱく&低糖質
22%
カップヌードル ねぎ塩
20%
カップヌードル カレー ビッグ
20%
カップヌードル シーフードヌードル ビッグ
20%
カップヌードル カレー ミニ
20%
カップヌードル チリトマトヌードル ビッグ
19%
カップヌードル 欧風チーズカレー
17%
カップヌードル 担担
13%
お椀で食べるカップヌードル 3食パック
13%
お椀で食べるカップヌードル シーフード 3食パック
13%
カップヌードル 味噌 ミニ
11%
あっさりおいしいカップヌードル
11%
あっさりおいしいカップヌードル カレー
11%
あっさりおいしいカップヌードル シーフード
11%
あっさりおいしい カップヌードル チリトマト
7%
カップヌードルぶっこみ飯
7%
お椀で食べるカップヌードル 味噌 3食パック
7%
カップヌードルPRO 高たんぱく&低糖質 シーフードヌードル
6%
カップヌードル 和風魚介ぶしカレー
4%
カップヌードル シーフードヌードルぶっこみ飯
4%
お椀で食べるカップヌードル 辛麺 3食パック
4%
カップヌードルPRO 高たんぱく&低糖質 チリトマトヌードル
4%
カップヌードル レモンシーフードヌードル
2%
カップヌードル 北海道濃厚ミルクシーフー道ヌードル
2%
カップヌードル 明太クリーミーシーフード ビッグ
2%
カップヌードル 担担 ビッグ
2%
あっさりおいしいカップヌードル 旨辛シーフード
2%
カップヌードル 14種のスパイス麻辣湯
2%
カップヌードル塩分控えめPRO 1日分のカルシウム&ビタミンD
2%
カップヌードル塩分控えめPRO 1日分のカルシウム&ビタミンD カレー
2%
カップヌードル 3種のチーズ鶏白湯
0%
カップヌードル 酸辣湯 ビッグ
0%
No matching quizzes found
Score Distribution
Percent of People with Each Score
Percentile by Number Answered
Your Score History
You have not taken this quiz since the last reset